| 000 | 01017cab a22001935a 4500 | ||
|---|---|---|---|
| 001 | L155714 | ||
| 008 | 120410e2012 xxk 000 0 eng d | ||
| 035 | _a(Sirsi) u155714 | ||
| 041 | 0 | _aeng | |
| 110 | 2 |
_aProperty Week _91549 |
|
| 245 | 0 | 0 | _aShopping centre development hits 50-year low |
| 260 | _c2012 | ||
| 490 |
_aProperty Week _v78(13) 30 March 2012, 36(1) |
||
| 520 | _aCushman & Wakefield has forecast only 340 000 sq ft of shopping centre completions in 2012, the lowest annual total since the 1960s. The Swan Shopping Centre in Yardley is the only new scheme in the 2012 pipeline. Nine extensions are on-stream for the year. The 2013 pipeline is forecast at 1.83m sq ft with Trinity Leeds (817 000 sq ft) by far the largest site. New shopping centre space in 2011 was 14% up on 2010. Tables show shopping centre growth in the UK 1991-2013; large schemes in the pipeline, top five UK centre by size. | ||
| 590 | _aKA | ||
| 651 | 4 | _aUnited Kingdom | |
| 690 |
_aCommercial property _96227 |
||
| 942 | _n0 | ||
| 999 |
_c83904 _d83904 |
||